De l'origine des especes ou Des lois du progrés chez les étres organisés / (Record no. 51912)

MARC details
000 -LEADER
campo de control de longitud fija 00715nam a2200193 i 4500
001 - NÚMERO DE CONTROL
campo de control 51912
003 - IDENTIFICADOR DE NÚMERO DE CONTROL
campo de control ES-MaACL
005 - FECHA Y HORA DE LA ÚLTIMA TRANSACCIÓN
campo de control 20250731063028.0
007 - CAMPO FIJO DE DESCRIPCIÓN FÍSICA--INFORMACIÓN GENERAL
campo de control de longitud fija t|
008 - DATOS DE LONGITUD FIJA--INFORMACIÓN GENERAL
campo de control de longitud fija 030820s1862 fr ||||1| fre d
100 1# - ENTRADA PRINCIPAL--NOMBRE DE PERSONA
Nombre de persona Darwin, Charles,
Fechas asociadas al nombre 1809-1882
9 (RLIN) 42770
245 10 - MENCIÓN DEL TÍTULO
Título De l'origine des especes ou Des lois du progrés chez les étres organisés /
Mención de responsabilidad, etc. par Charles Darwin ; traduit par Clémence-Auguste Roger.
260 ## - PUBLICACIÓN, DISTRIBUCIÓN, ETC.
Lugar de publicación, distribución, etc. Paris :
Nombre del editor, distribuidor, etc. Guillaumin et Cie,
Fecha de publicación, distribución, etc. 1862 (
Lugar de fabricación/manufactura Saint-Denis :
Fabricante A. Moulin)
300 ## - DESCRIPCIÓN FÍSICA
Extensión LXIV, XXIV, 25-712 p. ;
Dimensiones 18 cm.
700 1# - ENTRADA AGREGADA--NOMBRE PERSONAL
Nombre de persona Roger, Clémence-Auguste.
9 (RLIN) 98928
740 0# - ENTRADA AGREGADA--TÍTULO RELACIONADO/ANALÍTICO NO CONTROLADO
Título relacionado o analítico no controlado Des lois du progrés chez les étres organisés.
852 ## - LOCALIZACIÓN
Ubicación ES-MaACL
Número de control de estantería G-9255
Holdings
Estatus retirado Estado de pérdida Estado de daño No para préstamo Colección Biblioteca de origen Biblioteca actual Ubicación en estantería Fecha de adquisición Fuente de adquisición Total de préstamos Signatura topográfica completa Código de barras Visto por última vez Precio de reemplazo Tipo de ítem Koha
        Libros del s. XIX Biblioteca del Ateneo de Madrid Biblioteca del Ateneo de Madrid Sala Pecera Planta 3 17/01/2008     G-9255 1054582 23/02/2023 23/02/2023 Libro impreso antiguo